Residential Renting (Record no. 119042)
[ view plain ]
| 000 -LEADER | |
|---|---|
| fixed length control field | 00701cas a22002175a 4500 |
| 001 - CONTROL NUMBER | |
| control field | L138800 |
| 008 - FIXED-LENGTH DATA ELEMENTS--GENERAL INFORMATION | |
| fixed length control field | 070711d19962004xxkqr p 0 a0eng u |
| 022 1# - INTERNATIONAL STANDARD SERIAL NUMBER | |
| International Standard Serial Number | 1741-881X |
| 035 ## - SYSTEM CONTROL NUMBER | |
| System control number | (Sirsi) u138800 |
| 041 0# - LANGUAGE CODE | |
| Language code of text/sound track or separate title | eng |
| 110 2# - MAIN ENTRY--CORPORATE NAME | |
| Corporate name or jurisdiction name as entry element | National Federation of Residential Landlords |
| 9 (RLIN) | 4709 |
| 245 00 - TITLE STATEMENT | |
| Title | Residential Renting |
| 260 ## - PUBLICATION, DISTRIBUTION, ETC. | |
| Place of publication, distribution, etc. | [London] |
| Name of publisher, distributor, etc. | Small Landlords Association |
| Date of publication, distribution, etc. | 1996-2004 |
| 362 0# - DATES OF PUBLICATION AND/OR SEQUENTIAL DESIGNATION | |
| Dates of publication and/or sequential designation | (21) December 2002-(26) May 2004 |
| 520 ## - SUMMARY, ETC. | |
| Summary, etc. | Kept for five years |
| 554 ## - | |
| -- | Four per year |
| 651 #4 - SUBJECT ADDED ENTRY--GEOGRAPHIC NAME | |
| Geographic name | England and Wales |
| Chronological subdivision | 1543- |
| 690 ## - LOCAL SUBJECT ADDED ENTRY--TOPICAL TERM (OCLC, RLIN) | |
| Topical term or geographic name as entry element | PROPERTY-RESIDENTIAL PROPERTY-RESIDENTIAL PROPERTY TENURE-LEASEHOLD RESIDENTIAL PROPERTY |
| 785 00 - SUCCEEDING ENTRY | |
| Title | Successful Renting |
| International Standard Serial Number | 1744-7488 |
| 942 ## - ADDED ENTRY ELEMENTS (KOHA) | |
| Suppress in OPAC | 0 |
| Withdrawn status | Lost status | Source of classification or shelving scheme | Damaged status | Not for loan | Home library | Current library | Shelving location | Date acquired | Total Checkouts | Full call number | Barcode | Date last seen | Price effective from | Koha item type |
|---|---|---|---|---|---|---|---|---|---|---|---|---|---|---|
| Dewey Decimal Classification | London | London | Gallery | 11/07/2007 | SUCCESSFUL RENTING | 138800-1001 | 06/08/2019 | 06/08/2019 | Journal |